| 000 | 00851nam0a22002651 4500 | ||
|---|---|---|---|
| 001 | RU\NLR\A1SV\90708 | ||
| 005 | 20251203171251.9 | ||
| 035 | _a(NLR Aleph) 009772065 | ||
| 090 |
_a10059934 _c10059934 |
||
| 100 | _a20081120d1925 u y0rusy50 ca | ||
| 101 | 0 | _arus | |
| 102 | _aRU | ||
| 200 | 1 |
_aНовое в учении о патогенезе отеков _fПроф. С.С.Зимницкий |
|
| 210 |
_aКазань _cАкушер.-гинекол. клиника Ун-та _d1925 |
||
| 215 |
_a7 с. _d23 см |
||
| 311 | _aОтт. из: Казан. мед. журн. 1925. № 4. С.373-379 | ||
| 620 | _dКазань | ||
| 700 | 1 |
_aЗимницкий _bС.С. _f1873-1927 _gСемен Семенович |
|
| 801 | 0 |
_aRU _bNLR _c20081120 |
|
| 899 | _aРГБ | ||
| 899 | _aРГБ | ||
| 942 | _cBOOK | ||
| 980 | _aNB | ||
| 980 | _aA1SV | ||